Estudio comparado en dos contextos de la globalización. Desigualdades sociales y pobreza: socioterritorialidad, descentralización y políticas municipales /
Kaydedildi:
| Yazar: | |
|---|---|
| Diğer Yazarlar: | |
| Materyal Türü: | Metin |
| Baskı/Yayın Bilgisi: |
San José, C.R.:
FLACSO Costa Rica
|
| Konular: | |
| Etiketler: |
Etiketle
Etiket eklenmemiş, İlk siz ekleyin!
|
MARC
| LEADER | 00000 a a2200000 04500 | ||
|---|---|---|---|
| 001 | 46157 | ||
| 003 | |||
| 040 | |||
| 020 | |a 9977-68-109-0 | ||
| 090 | |a 14.04.03 C581c | ||
| 100 | |a Cardona Recinos, Rokael | ||
| 245 | |a Estudio comparado en dos contextos de la globalización. Desigualdades sociales y pobreza: |b socioterritorialidad, descentralización y políticas municipales / |c Rokael Cardona Recinos; Gerard Oude Engberink | ||
| 260 | |a San José, C.R.: |b FLACSO Costa Rica | ||
| 650 | |a CONDICIONES ECONOMICAS | ||
| 650 | |a NIVEL DE VIDA | ||
| 650 | |a POBREZA | ||
| 650 | |a EMPOBRECIMIENTO | ||
| 650 | |a CONDICIONES DE VIDA | ||
| 650 | |a ESTRATEGIAS DE SOBREVIVENCIA | ||
| 650 | |a ZONAS URBANAS | ||
| 650 | |a POLITICA SOCIAL | ||
| 700 | |a Engberink, Gerard Oude | ||
| 773 | |g páginas 205-273 | ||
| 999 | |c 22345 |d 22345 | ||



